Jet Lag: The Game Participants - Statistics

General Stats
  • This quiz has been taken 42 times
    21 since last reset
  • The average score is 9 of 10
Answer Stats
Season(s) Participant % Correct
1- Adam Chase
100%
1- Ben Doyle
100%
1- Sam Denby
100%
13 Tom Scott
95%
13.5 Amy Muller
89%
8,15 Michelle Khare
89%
5,10,15 Toby Hendy
89%
1,4,15 Brian McManus
79%
6 Scotty Allen
79%
2 Joseph Pisenti
74%
No matching quizzes found
Score Distribution
Percent of People with Each Score
Percentile by Number Answered
Your Score History
You have not taken this quiz since the last reset